00401nam a2200121Ia 4500008004100000245009900041260002400140260000900164300000700173650002300180650001200203856006400215170516s9999 xx 000 0 und d aInvestigating the impact of biomass quality on near-infrared models for switchgrass feedstocks bAIMS Bioengineering c2016 a:1 xMedical Technology xMedtech uhttp://www.aimspress.com/journal/Bioengineering/2016/1.html